| 000 | 01182nam a2200229Ia 4500 | ||
|---|---|---|---|
| 999 |
_c37830 _d37830 |
||
| 001 | 3807 | ||
| 003 | GE_BSU | ||
| 005 | 20190814144828.0 | ||
| 008 | 181216s1991||||ge |||||||||||||| ||geo|| | ||
| 040 | _cGE_BSU | ||
| 041 | _ageo | ||
| 080 | _a159.9.07 ბ–89 | ||
| 100 |
_aბოჭორიშვილი, ანგია _9767 |
||
| 245 |
_aთხზულებანი. 5 ტომად : _bტ.1 : გამოკვლევები ფსიქოლოგიაში. _cნიკო ჭავჭავაძის საერთო რედ ; რედ. ვიტალი კაკაბაძე; საქ. მეცნ. აკად., ფილოსოფიის ინ-ტი. |
||
| 264 |
_aთბილისი : _bმეცნიერება, _c1991. |
||
| 300 |
_a342 გვ. ; _b20 სმ. |
||
| 653 | _aფსიქოლოგია | ||
| 653 | _aგამოკვლევები ფსიქოლოგიაში | ||
| 700 |
_aკაკაბაძე, ვიტალი _93586 _eრედაქტორი |
||
| 710 |
_aსაქ. მეცნ. აკად., ფილოსოფიის ინ-ტი. _93565 |
||
| 942 |
_cBK _2udc |
||